000 00760nam a2200229 i 4500
001 32587
003 ES-MaACL
005 20260209164050.0
007 t|
008 030131s1974 sp ||||1| spa d
100 1 _aBertaux, Pierre.
_928428
245 1 0 _aAfrica
_b: desde la prehistoria hasta los estados actuales /
_cPierre Bertaux ; [traductor: Manuel Ramón Alarcón].
250 _a[3ª ed.].
260 _aMadrid :
_bSiglo XXI,
_c[1974]
300 _aX, 359 p. ;
_c18 cm.
490 1 _aHistoria universal. Siglo XXI ;
_v32
651 4 _aÁfrica-
_xHistoria
_97595
700 1 _aAlarcón, Manuel Ramón.
_919131
830 0 0 _aHistoria universal (Siglo XXI)
_v32
_9181446
852 _aES-MaACL
_jE-7172
_bR.91291
999 _c32587
_d32587